Premier League Greats: Alan Shearer - Statistics

General Stats
  • This quiz has been taken 4 times
  • The average score is 7 of 13
Answer Stats
Answer % Correct
Blackburn Rovers
100%
Newcastle United
100%
34
75%
Chris Sutton
75%
£15 million
50%
260
50%
56
50%
Anterior Cruciate Ligament
50%
Sunderland
50%
1994/95
25%
£3.6 million
25%
Creosote the fence
25%
Football Writers' Association Footballer of the Year
25%
No matching quizzes found
Score Distribution
Percent of People with Each Score
Percentile by Number Answered
Your Score History
You have not taken this quiz